Tinker Bell - Characters by Picture - Statistics

General Stats
  • This quiz has been taken 160 times
  • The average score is 13 of 33
Answer Stats
Picture Answer % Correct
Tinker Bell
100%
Silvermist
85%
Rosetta
80%
Fawn
79%
Vidia
70%
Phineas T. Kettletree (Bobble)
67%
Clank
61%
Queen Clarion
61%
Iridessa
60%
Periwinkle
58%
Cheese
53%
Terence
53%
Gruff (The NeverBeast)
49%
Fairy Mary
47%
Captain James Hook
44%
Dewy (The Keeper)
38%
Lord Milori
38%
Crocky
35%
Fairy Gary
33%
Sled
33%
Zarina
32%
Blaze
30%
Elizabeth Griffiths (Lizzy)
27%
Spike
21%
Gliss
20%
Nyx
18%
Dr. Martin Griffiths
14%
Scribble
10%
Mr. Twitches
9%
Rumble
9%
Chloe
6%
Gelata
5%
Glimmer
5%
No matching quizzes found
Score Distribution
Percent of People with Each Score
Percentile by Number Answered
Your Score History
You have not taken this quiz